| 000 | 00684nam a22001937a 4500 | ||
|---|---|---|---|
| 999 |
_c15950 _d15950 |
||
| 003 | AR-CdUCM | ||
| 008 | 190430b ||||| |||| 00| 0 spa d | ||
| 040 |
_aMUNICIPALIDAD PROVINCIAL DEL CUSCO _cBIBLIOTECA MUNICIPAL DEL CUSCO |
||
| 082 |
_aC / 370.985 / _bB23 |
||
| 100 |
_aBarrantes, Emilio _93583 |
||
| 245 | _aHistoria de la educación en el Perú / | ||
| 260 |
_aLima : _bMosca Azul, _c1989. |
||
| 300 |
_a119 páginas ; _c21 cm. |
||
| 505 | _aLa educación durante el imperio -- La educación durante el virreinato -- La educación durante la republica... | ||
| 650 |
_aEducación. _9460 |
||
| 650 |
_aHistoria de la educación. _98386 |
||
| 942 |
_2ddc _cLIBROS |
||
| 945 | _awfj | ||